INDUSTRIAL RELATIONS AND LABOUR LAWS FOR MANAGERS (Record no. 8111)

MARC details
000 -LEADER
fixed length control field 00450nam a22001697a 4500
005 - DATE AND TIME OF LATEST TRANSACTION
control field 20230111133736.0
008 - FIXED-LENGTH DATA ELEMENTS--GENERAL INFORMATION
fixed length control field 221219b |||||||| |||| 00| 0 eng d
020 ## - INTERNATIONAL STANDARD BOOK NUMBER
ISBN 978-93532-8183-0
041 ## - LANGUAGE CODE
Language code of text/sound track or separate title eng
082 ## - DEWEY DECIMAL CLASSIFICATION NUMBER
Classification number 344.540 GUP-I
100 ## - MAIN ENTRY--AUTHOR NAME
Personal name GUPTA , PARUL
245 ## - TITLE STATEMENT
Title INDUSTRIAL RELATIONS AND LABOUR LAWS FOR MANAGERS
260 ## - PUBLICATION, DISTRIBUTION, ETC. (IMPRINT)
Place of publication NEW DELHI
Name of publisher SAGE PUBLISHERS
Year of publication 2019
300 ## - PHYSICAL DESCRIPTION
Number of Pages 478;P.
650 ## - SUBJECT ADDED ENTRY--TOPICAL TERM
Topical Term MANAGEMENT
942 ## - ADDED ENTRY ELEMENTS (KOHA)
Koha item type Books
Holdings
Lost status Damaged status Collection code Home library Current library Shelving location Date acquired Source of acquisition Cost, normal purchase price Full call number Accession Number Koha item type
    MANAGEMENT JRU Library JRU Library SHELF -72- G 25/10/2022 LOHIA BOOK INTERNATIONAL 595.00 344.540-GUP-I 27069 Books
    MANAGEMENT JRU Library JRU Library SHELF-30-H 25/10/2022 LOHIA BOOK INTERNATIONAL 595.00 344.540-GUP-I 27070 Books
    MANAGEMENT JRU Library JRU Library SHELF-72-E 25/10/2022 LOHIA BOOK INTERNATIONAL 595.00 344.540-GUP-I 27071 Books